<The> Corporate sector dynamics of systematic financial crises

Guardado en:
Detalles Bibliográficos
Autor principal: Stone, Mark R.
Formato: Libro
Lenguaje:inglés
Publicado: Washington International Monetary Fund 2000
Colección:IMF Working Paper WP/00/114
Materias:
Etiquetas: Agregar Etiqueta
Sin Etiquetas, Sea el primero en etiquetar este registro!

MARC

LEADER 00000nam a2200000 4500
001 c124313
005 20221221081906.9
041 0 |a eng 
044 |a US 
245 1 0 |a <The> Corporate sector dynamics of systematic financial crises  |c Mark R. Stone 
264 1 |a Washington  |b International Monetary Fund  |c 2000 
300 |a 43 s. 
490 1 |a IMF Working Paper  |v WP/00/114 
830 0 |a IMF Working Paper  |v WP/00/114 
610 2 0 |a kríza finančná 
610 2 0 |a hospodárenie finančné 
610 2 0 |a hospodárenie podnikové 
100 1 |a Stone, Mark R.